00163 a2200073 450000100060000008200190000610000170002524500470004290839 a796.358092 YUV aYuvraj Singh aThe Test of My LifecYuvraj SinghhEnglish